000 00710nam a2200253Ia 4500
003 OSt
005 20220925235701.0
006 a|||||r|||| 00| 0
007 ta
008 220923b |||||||| |||| 00| 0 eng d
020 _a8171412394
037 _cGeneral Book
040 _aRTL
_cRTL
_beng
041 _2eng
_aeng
082 _aY15-31:3(T).2.N9, N4
100 _aKalawati
_9301584
245 0 _aEducational status of rural girls
260 _a New Delhi
_bDiscovery Publishing House
_c1994
300 _ax,173p
_ccm.
500 _aBibliography: p 152-166
650 _aWomen Sociology
942 _hY15-31:3(T).2.N9, N4
_cGB
_2CC
999 _c597704
_d597704